• 首页
  • 本馆介绍
  • 公告通知
  • 最新文献
  • 馆藏检索
  • 电子资源
  • 读者导购
  • 参考咨询
  • 我的图书馆
  • 登录
  • 详细信息显示
  • 放入我的书架
  • 预约/预借图书
  • 作者相关作品
  • 分类相关作品
  • 丛书相关作品
  • 出版社相关作品

书目信息

  • 表格格式
  • 工作单格式
  • 卡片格式
题名:
笠翁对韵
    
 
作者: (清) 李渔 原著
分册:  
出版信息: 北京   民主与建设出版社  2019.11
页数: 224页
开本: 21cm
丛书名:
单 册:
中图分类: H194.1 , I207.21
科图分类:
主题词: 诗词格律--shi ci ge lv--中国--启蒙读物
电子资源:
ISBN: 978-7-5139-2658-4
000 00965nam0 2200241 450
001 2159559948
005 20211011172912.0
010    @a978-7-5139-2658-4@dCNY49.80
100    @a20200509d2020 em y0chiy0110 ea
101 0  @achi
102    @aCN@b110000
105    @ay z 000yy
106    @ar
200 1  @a笠翁对韵@Ali weng dui yun@f(清) 李渔原著
210    @a北京@c民主与建设出版社@d2019.11
215    @a224页@d21cm
330    @a《笠翁对韵》是古时为了训练儿童学习写作诗、词、对联而用来熟悉对仗、用韵、组织词语的工具书,后来被视为经典的国学启蒙读物。全书分为上下两卷,按韵编写,包含了天文、地理、历史、典故、诗词、花鸟、人物、器物等众多意象。全文对仗工整,极富声韵,用词精美,意味深长,并且读起来琅琅上口,像唱歌一样,十分适合孩子朗读背诵。
606 0  @a诗词格律@Ashi ci ge lv@y中国@x启蒙读物
690    @aH194.1@v5
690    @aI207.21@v5
701  0 @a(清) 李渔@A(qing ) li yu@4原著
801  0 @aCN@b百万庄@c20211011
905    @b1308876-79@dH194.1@e508@f4
    
    笠翁对韵/(清) 李渔原著.-北京:民主与建设出版社,2019.11
    224页;21cm
    
    
    ISBN 978-7-5139-2658-4:CNY49.80
    《笠翁对韵》是古时为了训练儿童学习写作诗、词、对联而用来熟悉对仗、用韵、组织词语的工具书,后来被视为经典的国学启蒙读物。全书分为上下两卷,按韵编写,包含了天文、地理、历史、典故、诗词、花鸟、人物、器物等众多意象。全文对仗工整,极富声韵,用词精美,意味深长,并且读起来琅琅上口,像唱歌一样,十分适合孩子朗读背诵。
●
相关链接 在E读中查询图书 在五车中查询图书 在当当中查询图书 在豆瓣中查询图书


正题名:笠翁对韵     索取号:H194.1/508         预约/预借

序号 登录号 条形码 馆藏地/架位号 状态 备注
1 1308876   213088763   第二样本阅览室/ [索取号:H194.1/508] 在馆    
2 1308877   213088772   第四借阅区/ [索取号:H194.1/508] 在馆    
3 1308878   213088781   第四借阅区/ [索取号:H194.1/508] 在馆    
4 1308879   213088790   第四借阅区/ [索取号:H194.1/508] 在馆    
唐山师范学院图书馆 欢迎您!
大连网信软件有限公司© 版权所有